Представление документа в формате RUSMARC

ПолеНазваниеЗначение
  Тип записи a
  Библиографический уровень a
001 Контрольный номер RU/CBS_UL/BASE/81c48db8a1564868a88a76fb1ae27005
005 Дата корректировки 20251216151432.4
100 Данные общей обработки __
a Данные общей обработки 20251216 ||| 0rusy0189 ca
101 Язык документа 0_
a Язык текста rus
102 Страна публикации __
a Страна публикации RU
200 Заглавие и сведения об ответственности 1_
a Заглавие Зарубежный гость
e Сведения, относящиеся к заглавию [выращивание западноевропейского чеснока в условиях Сибири]
f Первые сведения об ответственности Е. Киселёва
300 Общие примечания __
a Общие примечания 12+
461 Уровень набора _0
1 2000
a Дачный клуб
463 Уровень физической единицы _0
1 2000
a № 10
v С. 12
1 2101
d 2025
1 001RU/CBS_UL/BASE/1fc3bfb1739947728433521a1e6ee7c7
606 Тематические рубрики 0_
a Основная рубрика Чеснок - Выращивание
610 Ключевые слова 0_
a Ключевые слова чеснок
610 Ключевые слова 0_
a Ключевые слова сорта чеснока
610 Ключевые слова 0_
a Ключевые слова западноевропейский чеснок
610 Ключевые слова 0_
a Ключевые слова чеснок западноевропейский
610 Ключевые слова 0_
a Ключевые слова озимый чеснок
610 Ключевые слова 0_
a Ключевые слова чеснок озимый
686 Индексы других классификаций __
2 Код системы rubbk
a Классификационный индекс 42.345
700 Автор _1
a Фамилия Киселёва
b Имя (инициалы) Е.
801 Источник записи _0
a Страна RU
b Организация МБУК ЦБС г. Ульяновска
c Дата составления 20251216
g Правила каталогизации RCR
801 Источник записи _1
a Страна RU
b Организация МБУК ЦБС г. Ульяновска
c Дата составления 20251216
g Правила каталогизации RCR
901 Тип документа __
t Тип документа b
w Контрольный № источника RU/CBS_UL/BASE/1fc3bfb1739947728433521a1e6ee7c7
909 Создатель записи __
a Создатель записи lib2